History Quiz

Random History or Year Quiz

Currencies of 1913 Quiz Stats

Quiz Updated Mar 13, 2015

Challenge
Share
Tweet
Embed
Score 0/60 Timer 07:00
0 Plays Today
Country Currency % Correct
Dominican Republicdollar
98.3%
Canadadollar
98.3%
Newfoundlanddollar
98.3%
United Statesdollar
98.3%
Australiapound
93.5%
LiberiaBritish West African pound
93.5%
New Zealandpound
93.5%
South Africapound
93.5%
United Kingdompound
93.5%
Argentinapeso
93.3%
Chilepeso
93.3%
Colombiapeso
93.3%
Cubapeso
93.3%
Honduraspeso
93.3%
Mexicopeso
93.3%
Paraguaypeso
93.3%
Uruguaypeso
93.3%
Belgiumfranc
92.5%
Switzerlandfranc
92.5%
AndorraSpanish peseta/French franc
90%
Francefranc
88.9%
Luxembourgfranc
88.9%
Monacofranc
88.9%
Guatemalapeso
84.3%
Japanyen
82.9%
Germany (Empire)goldmark
78.5%
AlbaniaOttoman lira
76.9%
Italylira
76.9%
Ottoman Empirelira
76.9%
San Marinolira
76.9%
Country Currency % Correct
Russiaruble
70.1%
Austria-Hungarycorona
61.2%
LiechtensteinAustrian corona
61.2%
Denmarkkrone
59.6%
Norwaykrone
59.6%
China (Republic)yuán
56%
Spainpeseta
55.1%
Cretan Statedrachma
48.3%
Greecedrachma
48.3%
Persiatoman
43.2%
Serbiadinar
42.9%
Swedenkrona
39.2%
Brazilreal
38.2%
Venezuelabolívar
35%
Netherlandsguilder
32.9%
Portugalescudo
30.5%
Siambaht
23.2%
Bulgarialev
20.8%
Romanialeu
20.3%
Perusol
13.9%
Costa Ricacolón
13.4%
El Salvadorcolón
13.4%
Boliviaboliviano
9.7%
Panamabalboa
9.1%
Ethiopia/Abyssiniabirr
8.6%
Haitigourde
8.3%
Ecuadorsucre
7.6%
Nicaraguacórdoba
7.1%
Montenegroperper
4.5%
Nepalmohar
3.9%

You're not logged in!

Compare scores with friends on all Sporcle quizzes.
Sign Up with Email
OR
Log In

You Might Also Like...

Show Comments

Extras

Top Quizzes Today


Score Distribution

Your Account Isn't Verified!

In order to create a playlist on Sporcle, you need to verify the email address you used during registration. Go to your Sporcle Settings to finish the process.